Kpop guess the mv name - Statistiques

Statistiques générales
  • Ce quiz a été pris 1 533 fois
    379 depuis la dernière actualisation
  • Le résultat moyen est 6 sur 12
Statistiques - réponses
Par images Réponse % Correct
Boombayah
100%
Gangnam style
100%
Go
100%
Kill this love
100%
Rockstar
100%
Maestro
92%
Solo
91%
Thunderous
91%
SHEESH
90%
Bang bang bang
89%
Spot
89%
Richman
88%
Chk Chk Boom
86%
Lovesick girls
86%
Flower
85%
Shut down
85%
XOXO
85%
Batter Up
83%
Crazy
83%
I am the best
83%
Ice cream
83%
We go up
83%
Feel Special
82%
Love shot
82%
DNA
81%
Jump
81%
as if it's your last
80%
Earthquake
80%
God's Menu
80%
Life goes on
80%
Smart
79%
Icy
78%
After Like
77%
HIP
75%
Monster
75%
No more dream
75%
Spicy
75%
This is for
75%
Tomboy
75%
Whiplash
75%
Antifragile
73%
Back door
73%
Dance The Night Away
73%
Mic drop
73%
Next level
73%
Spaghetti
73%
Bang Bang
71%
Like Jennie
71%
Love Dive
71%
Psycho
71%
What is love ?
71%
Dingga
70%
Permission to dance
70%
Magnetic
69%
Ping Pong
69%
Do not touch
67%
Fantastic Baby
67%
How you like that
67%
I Am
67%
I can't stop me
67%
Idol
67%
Killing it girl
67%
Maniac
67%
Next level
67%
Pink venom
67%
Pop
67%
Supernova
67%
Who
67%
On the ground
65%
Easy
64%
Likey
64%
MAGO
64%
Signal
64%
Super Shy
64%
TT
64%
Bite me
63%
Boy with luv
63%
Hot sauce
63%
Lion
63%
Loco
63%
Rover
63%
Famous
62%
Gogobebe
60%
Oh my god
60%
Psycho
60%
Queendom
60%
Seven
60%
Lalisa
59%
Forever
57%
DDU DU DDU DU
56%
Drip
56%
Gee
56%
S-class
56%
Toxic till the end
56%
Butter
55%
The Feels
55%
Wannabe
55%
Queencard
54%
Black swan
53%
ABCD
50%
Armageddon
50%
AYA
50%
born again
50%
Ceremony
50%
Dice
50%
Dope
50%
Drunk-Dazed
50%
Fire
50%
Gentleman
50%
I got a boy
50%
knock knock
50%
Lalalala
50%
Maniac
50%
Messy
50%
Monster
50%
nude/nxde
50%
Senorita
50%
sticky
50%
That that
50%
Yes or yes
50%
Gone
47%
Fake Love
45%
Good Thing
45%
Burning Up
44%
Girl
44%
Savage
44%
Shoong
44%
Work
44%
after school
43%
Boca
43%
ETA
42%
FUTW/Fuck up The World
42%
HER
42%
Super lady
42%
Baggy Jeans
40%
Black Mamba
40%
Clik clak
40%
Daddy
40%
Double knot
40%
Dun Dun
40%
Fancy
40%
Heart Shaker
40%
Kitsch
40%
Maria
40%
Nunu Nana
40%
O.O
40%
Sugar rush ride
40%
Eleven
38%
INVU
38%
Jopping
38%
Ladida
38%
Make a wish
38%
Miroh
38%
Scientist
38%
Standing next to you
38%
Deja vu
36%
Lotto
36%
Love me like this
36%
Really Really
36%
War of hormone
36%
Baddie
33%
Boss
33%
Daechwita
33%
dalla dalla
33%
Fearless
33%
FRI(END)S/FRIENDS
33%
Hot
33%
Number one girl
33%
ON
33%
PTT/Paint the town
33%
Russian Roulette
33%
Woke up
33%
Wonderland
33%
Daydream
31%
Gashina
31%
Pirate
31%
Chicken Noodle Soup
30%
Call me baby
29%
Come back home
29%
Killin' me good
29%
Shooting star
29%
Blood sweat and tears/ Blood sweat & tears
27%
Hands up
27%
Red flavor
27%
Secret story of the swan
27%
WA DA DA
27%
Love me right
25%
Slay
25%
Tempo
25%
The Boys
25%
Peek-A-Boo
23%
La vie en rose
20%
Love scenario
20%
First
18%
If you do
18%
Nunu Nana
18%
Scream
18%
BBIBBI
17%
Lip and hip/ Lip & hip
17%
New Face
17%
Panorama
17%
Starry night
17%
I LUV IT
15%
New Woman
14%
Fiesta
13%
LATATA
13%
Bad girl Good girl
11%
Candy pop
11%
Cheshire
11%
Dumb Dumb
11%
Uh-Oh/Uh Oh
11%
Zimzalabim
11%
Bon bon chocolat
10%
Ice cream
10%
Adios
9%
Birthday
8%
Mr.Mr.
8%
ODD EYE
8%
Electric shock
7%
I'm not cool
7%
BAAM
0%
Bad Boy
0%
BBoom BBoom
0%
Blueming
0%
Cupid
0%
Dessert
0%
Egotistic
0%
Good day
0%
Gotta go
0%
Hangover
0%
Killing me
0%
Lullaby
0%
Number nine
0%
Snapping
0%
What type of X
0%
You can't sit with us
0%
Aucun quiz correspondant
Distribution des résultats
% des personnes avec chaque résultat
Percentile par nombre de réponses
Votre historique - résultats
Vous n’avez pas pris ce quiz depuis la dernière actualisation